Visualizzazione normale
Vista MARC
- Clero
di Topical Term
Records bibliografici associati: 1
001 - CONTROL NUMBER
- control field: 51751
003 - CONTROL NUMBER IDENTIFIER
- control field: IT-RoINE
005 - DATE AND TIME OF LATEST TRANSACTION
- control field: 20190409092218.0
008 - FIXED-LENGTH DATA ELEMENTS
- fixed length control field: 180719|| aca||aabn | a|a d
040 ## - CATALOGING SOURCE
- Original cataloging agency: IT-RoINE
- Transcribing agency: IT-RoINE
150 ## - HEADING--TOPICAL TERM
- Topical term or geographic name as entry element: Clero
- Geographic subdivision: Europa
- General subdivision: Historia
- Chronological subdivision: 600-1500 (Edad media)
- General subdivision: Congresos
670 ## - SOURCE DATA FOUND
- Source citation: Work cat.: (IT-RoINE)0: La vita comune del clero nei secoli XI e XII : , 1962.